| 000 | 01759nam2a2200289 4500 | ||
|---|---|---|---|
| 001 | RU\NLR\BIBL_A\022653970 | ||
| 005 | 20260426071918.0 | ||
| 010 |
_a978-5-9704-9444-8 _bт. 2 |
||
| 021 |
_aRU _bКН-П-25-055230 _9КН-П-25-5335 |
||
| 035 | _a(NLR Aleph) 022653970 | ||
| 090 |
_a13692579 _c13692579 |
||
| 100 | _a20251024d2025 u y0rusy50 ca | ||
| 101 | 0 | _arus | |
| 102 | _aRU | ||
| 105 | _aa z 001yy | ||
| 200 | 0 |
_aТ. 2 _f[Абакумов М. М. - д-р мед. наук, проф., заслуж. деят. науки РФ, заслуж. врач РФ (Москва), Авдеев С. Н. - д-р мед. наук, проф., акад. РАН, Авдейкин С. Н. - канд. мед. наук и др.] |
|
| 210 | _d2025 | ||
| 215 |
_a533 с. _cил., табл. |
||
| 300 | _aАвт. указаны на с. 10-16 | ||
| 320 | _aПредм. указ.: с. 529-533 | ||
| 461 | 0 |
_1001RU\NLR\BIBL_A\022653957 _12001#$aИнтенсивная терапия$eнациональное руководство$eв 2 томах$fпод редакцией И. Б. Заболотских, Д. Н. Проценко$gФедерация анестезиологов и реаниматологов [и др.]$vТ. 2 _913466303 _cМосква _d2025 _e3-е изд. _fпод редакцией И. Б. Заболотских, Д. Н. Проценко _nГЭОТАР-Медиа _oнациональное руководство : в 2 томах _tИнтенсивная терапия _y978-5-9704-9445-5 _vТ. 2 |
|
| 701 | 1 |
_aАбакумов _bМ. М. _gМихаил Михайлович |
|
| 701 | 1 |
_aАвдейкин _bС. Н. _gСергей Николаевич |
|
| 942 | _cBOOK | ||
| 980 | _aNB | ||